|
|
|
|
| LEADER |
00000naa2a2200000 4500 |
| 001 |
187999 |
| 005 |
20240129093712.0 |
| 035 |
|
|
|a (RuTPU)RU\TPU\book\204054
|
| 090 |
|
|
|a 187999
|
| 100 |
|
|
|a 20101129d2010 k y0rusy50 ca
|
| 101 |
0 |
|
|a rus
|
| 102 |
|
|
|a RU
|
| 200 |
1 |
|
|a Особенности метода конструирования агрегированных регуляторов электромеханическими объектами АКАР
|f Саид Саиди, А. С. Каракулов, В. Г. Букреев
|
| 320 |
|
|
|a Библиогр.: 3 назв.
|
| 463 |
|
0 |
|0 (RuTPU)RU\TPU\book\196586
|t Электроэнергия: от получения и распределения до эффективного использования
|o материалы Всероссийской научно-технической конференции, 25-28 мая 2010 г., Томск
|f Национальный исследовательский Томский политехнический университет (НИ ТПУ)
|v С. 305-306
|d 2010
|p 351 с.
|
| 610 |
1 |
|
|a регуляторы
|
| 610 |
1 |
|
|a конструирование
|
| 610 |
1 |
|
|a синхронные двигатели
|
| 610 |
1 |
|
|a труды учёных ТПУ
|
| 700 |
|
0 |
|a Саид Саиди
|
| 701 |
|
1 |
|a Каракулов
|b А. С.
|c специалист в области электротехники
|c доцент Томского политехнического университета, кандидат технических наук
|f 1975-
|g Александр Сергеевич
|3 (RuTPU)RU\TPU\pers\27104
|9 12654
|
| 701 |
|
1 |
|a Букреев
|b В. Г.
|c специалист в области электротехники
|c профессор Томского политехнического университета, доктор технических наук
|f 1952-
|g Виктор Григорьевич
|3 (RuTPU)RU\TPU\pers\26527
|9 12221
|
| 801 |
|
1 |
|a RU
|b 63413507
|c 20101129
|
| 942 |
|
|
|c BK
|